000 00492nam a2200181Ia 4500
003 GCL
008 140319s9999 xx 000 0 eng d
040 _aGCL /
_cGCL
082 0 4 _a174.24
_bB L
100 1 _aBROCK, DAN W.
245 1 0 _aLIFE AND DEATH: PHILOSOPHICAL ESSAYS IN BIOMEDICAL ETHICS /
_cBROCK, DAN W.
260 _a[S.N] :
_bCAMBRIBGE UNIVERSITY PRESS ،
_c1993
300 _a435 P
650 0 4 _aPHILOSOPHY
650 0 4 _aETHICS
650 0 4 _aMEDICAL ETHICS
942 _2ddc
_cBK
999 _c21182
_d21182